书目信息 |
| 题名: |
电子离子光学仪器原理
|
|
| 作者: | 邵健中 编著 | |
| 分册: | ||
| 出版信息: | 杭州 浙江大学出版社 1989.06 |
|
| 页数: | 467页 | |
| 开本: | 16开 | |
| 丛书名: | ||
| 单 册: | ||
| 中图分类: | TN401 | |
| 科图分类: | ||
| 主题词: | 微电子技术 , 集成电路 | |
| 电子资源: | ||
| ISBN: | 7-308-00324-8 | |
| 000 | 00595nam0 2200205 45 | |
| 001 | 0010071535 | |
| 005 | 20001007155314.1 | |
| 010 | @a7-308-00324-8@d6.20元 | |
| 100 | @a20001007d1989 km y0chiy0120 ea | |
| 101 | 0 | @achi |
| 105 | @a z 000yy | |
| 200 | 1 | @a电子离子光学仪器原理@ADian Zi Li Zi Guang Xue Yi Qi Yuan Li@f邵健中编著@FShao Jian Zhong Bian Zhu |
| 210 | @a杭州@c浙江大学出版社@d1989.06 | |
| 215 | @a467页@d16开 | |
| 606 | 0 | @a微电子技术 |
| 606 | 0 | @a集成电路 |
| 690 | @aTN401@v3 | |
| 701 | 0 | @a邵健中@4编著 |
| 801 | @aCN@bPftUser@c20001007 | |
| 905 | @b171059-063@dTN401@eSH967@f5 | |
| 电子离子光学仪器原理/邵健中编著.-杭州:浙江大学出版社,1989.06 |
| 467页;16开 |
| ISBN 7-308-00324-8:6.20元 |
| ● |
| 相关链接 |
|
|
|
正题名:电子离子光学仪器原理
索取号:TN401/SH967
 
预约/预借
| 序号 | 登录号 | 条形码 | 馆藏地/架位号 | 状态 | 备注 |
| 1 | 171059 | 201710595 | 自科库301/301自科库 20排1列1层/ [索取号:TN401/SH967] | 在馆 | |
| 2 | 171060 | 201710602 | 自科库301/301自科库 20排1列1层/ [索取号:TN401/SH967] | 在馆 | |
| 3 | 171061 | 201710611 | 自科库301/404自科库 12排6列3层/ [索取号:TN401/SH967] | 在馆 | |
| 4 | 171062 | 201710620 | 期刊室512/301自科库 20排1列1层/ [索取号:TN401/SH967] | 在馆 | |
| 5 | 171063 | 201710639 | 自科库301/301自科库 20排1列1层/ [索取号:TN401/SH967] | 在馆 |